MARC

LEADER 00000nam0a2200000 4500
001 360119
005 20231102011243.0
035 |a (RuTPU)RU\TPU\retro\17427 
090 |a 360119 
100 |a 20210312d1974 km y0rusy50 ca 
101 0 |a rus 
102 |a RU 
105 |a a z 001zy 
200 1 |a Физико-химические основы получения и твердения вяжущих материалов из рыхлых пород  |f А. Т. Логвиненко, М. А. Савинкина  |g Академия наук СССР, Сибирское отделение, Институт физико-химических основ переработки минерального сырья ; под ред. Ю. Н. Вершинина 
210 |a Новосибирск  |c Наука  |d 1974 
215 |a 112 с.  |c ил. 
320 |a Библиогр.: с. 103-109 
606 1 |a Вяжущие материалы  |x Производство  |2 stltpush  |3 (RuTPU)RU\TPU\subj\35181  |9 56935 
610 1 |a рыхлые гипсовые породы 
610 1 |a состав 
610 1 |a свойства 
610 1 |a применение 
610 1 |a гипс 
610 1 |a термическая обработка 
610 1 |a примеси 
610 1 |a влияние 
610 1 |a гипсовые вяжущие материалы 
610 1 |a улучшение 
610 1 |a высокопрочный гипс 
610 1 |a получение 
675 |a 666.9  |v 4 
700 1 |a Логвиненко  |b А. Т.  |c химик-технолог  |c заведующий кафедрой технологии силикатов ТИИ (1939-1941), доктор технических наук  |c директор Института физико-химических основ переработки минерального сырья СО АН СССР (1951-1976)  |f 1903-2000  |g Александр Титович  |2 stltpush  |3 (RuTPU)RU\TPU\pers\35389 
701 1 |a Савинкина  |b М. А.  |g Марианна Александровна 
702 1 |a Вершинин  |b Ю. Н.  |4 340 
712 0 2 |a Академия наук СССР  |b Сибирское отделение  |b Институт физико-химических основ переработки минерального сырья  |c (Новосибирск)  |c (1964-1980)  |2 stltpush  |3 (RuTPU)RU\TPU\col\12495  |9 25437 
801 1 |a RU  |b 63413507  |c 20210312 
801 2 |a RU  |b 63413507  |c 20211022  |g RCR 
942 |c BK